|
|
|
|
| LEADER |
00000naa a2200000uu 4500 |
| 001 |
vtls011085674 |
| 003 |
SK-MaSNL |
| 005 |
20260302105233.0 |
| 008 |
210905|1997 xo |||||||||||||||||slo| |
| 015 |
|
|
|a SNBRA
|
| 035 |
|
|
|a (urnnbn)urn:nbn:sk:snk:ar-a0cm74
|
| 035 |
|
|
|a (uuid)fc190883-2307-493a-82eb-f750732e4c78
|
| 035 |
|
|
|a urn:nbn:sk:snk-aavs2p
|
| 040 |
|
|
|a SNKBUCL
|b slo
|c SNKBUCL
|e AACR2
|
| 041 |
0 |
|
|a slo
|
| 044 |
|
|
|a xo
|c SK
|
| 100 |
1 |
|
|a Mažec, Emil
|4 aut
|9 783628
|
| 245 |
1 |
0 |
|a VÝVOJ, KONŠTRUKCIA A VÝROBA ODMASŤOVACÍCH ZARIADENÍ ZAMERANÝCH NA PRÍPRAVKY GALWES E-5 A PP-2
|c Emil MAŽEC
|
| 773 |
0 |
|
|t Ekologické spôsoby odmasťovania kovových povrchov
|d Banská Bystrica : [Dom techniky ZSVTS], 1997
|g S. 21-23
|z 8023001485
|
| 958 |
|
|
|a OND
|
| 958 |
|
|
|a article12
|
| 958 |
|
|
|a chapter
|
| 999 |
|
|
|c 1237885
|d 1239815
|